[Event "Odoev-ch"]
[Site "Odoev"]
[Date "2018.05.29"]
[Round "2"]
[White "Golovin, Nikolay M"]
[Black "Kulikov, Konstantin"]
[Result "1-0"]
[WhiteElo "2188"]
[BlackElo "2040"]
[PlyCount "71"]
[EventDate "2018.05.28"]
[EventType "swiss"]
[EventRounds "9"]
[EventCountry "RUS"]
[SourceTitle "EXT 2019"]
[Source "ChessBase"]
[SourceDate "2018.10.10"]
[SourceVersion "1"]
[SourceVersionDate "2018.10.10"]
[SourceQuality "1"]

1. d4 d5 2. c4 e6 3. Nc3 Bb4 4. cxd5 exd5 5. a3 Be7 6. Bf4 Nf6 7. e3 0-0 8. Bd3 Re8 9. h3 b6 10. Nb5 Na6 11. Nf3 c6 12. Nc3 c5 13. 0-0 cxd4 14. exd4 Bd6 15. Bxd6 Qxd6 16. Ne5 Bb7 17. Rc1 Nc7 18. Nb5 Nxb5 19. Bxb5 Re6 20. Qf3 Rf8 21. Rc2 a6 22. Bd3 Ne4 23. Rfc1 f6 24. Ng4 Ng5 25. Qd1 g6 26. Rc7 Ba8 27. Bxa6 b5 28. Bxb5 Qb6 29. a4 Re4 30. Rc8 Bb7 31. Rxf8+ Kxf8 32. Qc2 Qxd4 33. Qc7 Re7 34. Qd8+ Kf7 35. Nh6+ Ke6 36. Ng8 1-0